[Event "ICS rated blitz match"]
[Site "207.99.83.227"]
[Date "1999.04.18"]
[Round "?"]
[White "totoff"]
[Black "Hossa"]
[Result "0-1"]
[WhiteElo "2226"]
[BlackElo "2527"]
[PlyCount "102"]

1. e4 e5 2. Nf3 Nc6 3. Bb5 a6 4. Ba4 Nf6 5. Bxc6 dxc6 6. d3 Qd6 7. b3 Bg4 8.
Bb2 Qb4+ 9. Nbd2 Bd6 10. O-O O-O 11. h3 Bxf3 12. Nxf3 Rae8 13. Nh2 Rd8 14. Qe2
Qc5 15. Kh1 Nd7 16. g4 Kh8 17. Rg1 Be7 18. Nf1 Qd6 19. Ne3 Qg6 20. Nf5 Bg5 21.
h4 Bf4 22. Bc1 Bxc1 23. Raxc1 Qf6 24. g5 Qe6 25. Qg4 c5 26. h5 g6 27. hxg6 fxg6
28. Ne3 Qxg4 29. Nxg4 Rf3 30. Kg2 Rf4 31. Kg3 Rdf8 32. Rh1 b5 33. Rh4 R4f7 34.
Rch1 b4 35. Ra1 Kg7 36. a3 a5 37. axb4 axb4 38. Ra7 Rc8 39. Nh6 Re7 40. Rh1 Nb8
41. Rha1 Nc6 42. R7a6 Nd4 43. R1a2 Ne6 44. Kg4 Rf8 45. f3 Rf4+ 46. Kg3 Nxg5 47.
Ng4 Rxf3+ 48. Kg2 h5 49. Nf2 Ref7 50. Nh1 R7f4 51. Rc6 51... Rg4+ {
totoff resigns} 0-1

[Event "ICS rated bullet match"]
[Site "207.99.83.227"]
[Date "1999.04.18"]
[Round "?"]
[White "Hossa"]
[Black "Helcio"]
[Result "1-0"]
[WhiteElo "2410"]
[BlackElo "2149"]
[PlyCount "47"]

1. e4 e6 2. Nf3 d5 3. e5 c5 4. Bb5+ Bd7 5. Bxd7+ Qxd7 6. O-O Nc6 7. d3 Nge7 8.
Bd2 Nf5 9. c4 Be7 10. Nc3 dxc4 11. dxc4 Rd8 12. Bf4 a6 13. Qxd7+ Rxd7 14. Rad1
Rxd1 15. Rxd1 O-O 16. Rd7 Rb8 17. Kh1 Kf8 18. Ne4 Ke8 19. Rd1 Nfd4 20. Nfg5
Bxg5 21. Bxg5 h6 22. Bf4 b5 23. cxb5 Rxb5 24. Nd6+ {Helcio resigns} 1-0

[Event "ICS rated bullet match"]
[Site "207.99.83.227"]
[Date "1999.04.18"]
[Round "?"]
[White "Helcio"]
[Black "Hossa"]
[Result "0-1"]
[WhiteElo "2143"]
[BlackElo "2416"]
[PlyCount "44"]

1. Nf3 Nf6 2. d4 d5 3. c4 c6 4. Nc3 dxc4 5. a4 Bg4 6. e3 e5 7. dxe5 Qxd1+ 8.
Nxd1 Nfd7 9. Bxc4 Bxf3 10. gxf3 Nxe5 11. Be2 Bb4+ 12. Nc3 Nbd7 13. O-O Bxc3 14.
bxc3 Nc5 15. Ba3 Nxa4 16. Bd6 Nxc3 17. Ba6 Nxf3+ 18. Kg2 Nh4+ 19. Kh3 bxa6 20.
Kxh4 Ne4 21. Bg3 Nd2 22. Rfc1 22... Nb3 {Helcio resigns} 0-1

[Event "ICS rated blitz match"]
[Site "207.99.83.227"]
[Date "1999.04.18"]
[Round "?"]
[White "Hossa"]
[Black "rajah"]
[Result "1-0"]
[WhiteElo "2532"]
[BlackElo "2342"]
[PlyCount "143"]

1. e4 e6 2. Nf3 d5 3. exd5 exd5 4. d4 Nf6 5. Bb5+ c6 6. Bd3 Be7 7. O-O O-O 8.
Re1 Re8 9. Bg5 Be6 10. c3 Nbd7 11. Qc2 h6 12. Bf4 Nh5 13. Be3 Bd6 14. Bf5 Qf6
15. Bxe6 Rxe6 16. Nbd2 Rae8 17. Qa4 a6 18. Qb3 b5 19. a4 Bf4 20. axb5 axb5 21.
Nf1 Nb6 22. Qd1 Nc4 23. N3d2 Nxe3 24. fxe3 g6 25. Nf3 Bxe3+ 26. Nxe3 Rxe3 27.
Rxe3 Rxe3 28. Ne5 Rxe5 29. Ra8+ Kg7 30. dxe5 Qxe5 31. Ra6 Qe3+ 32. Kh1 Qe6 33.
Qf1 Nf6 34. h3 Ne4 35. Qf4 Qe8 36. Ra7 c5 37. h4 d4 38. cxd4 cxd4 39. Ra3 Qe6
40. Rd3 g5 41. Qf3 Qe5 42. hxg5 hxg5 43. g4 Nc5 44. Rd1 d3 45. Rf1 Qe4 46. Kg2
Qe2+ 47. Rf2 Qxf3+ 48. Kxf3 Ne6 49. Ke3 Nf4 50. Rf1 Kh7 51. Ra1 b4 52. Kd2 Kg7
53. Ra4 b3 54. Rb4 Kf8 55. Rxb3 Kg7 56. Rxd3 Nxd3 57. Kxd3 Kg6 58. Ke4 f5+ 59.
gxf5+ Kf6 60. b4 Ke7 61. Kf3 Kf6 62. Kg4 Ke5 63. Kxg5 Kd6 64. f6 Kd5 65. f7 Ke4
66. f8=Q Ke5 67. Qc5+ Ke4 68. Kg4 Kd3 69. Kf3 Kd2 70. Qc4 Kd1 71. Ke3 Ke1 72.
Qc1# {rajah checkmated} 1-0

[Event "ICS rated blitz match"]
[Site "207.99.83.227"]
[Date "1999.04.18"]
[Round "?"]
[White "totoff"]
[Black "Hossa"]
[Result "0-1"]
[WhiteElo "2195"]
[BlackElo "2540"]
[PlyCount "78"]

1. e4 e5 2. Nf3 Nc6 3. Bb5 a6 4. Ba4 Nf6 5. Bxc6 dxc6 6. d3 Bc5 7. Nbd2 Ng4 8.
O-O O-O 9. h3 Nxf2 10. Rxf2 Bxf2+ 11. Kxf2 Be6 12. Kg1 Qe7 13. Nf1 f5 14. exf5
Bxf5 15. Ng3 Qc5+ 16. Kh2 Rae8 17. Nxf5 Rxf5 18. Qe2 Ref8 19. Be3 Qb4 20. c3
Qd6 21. Kg1 Rd8 22. Rd1 Qd5 23. c4 Qa5 24. a3 Rdf8 25. Bd2 Qb6+ 26. Be3 Qa5 27.
Bc1 Qc5+ 28. Kh1 Qd6 29. b4 c5 30. Bd2 Qe6 31. Kh2 b5 32. Bc3 bxc4 33. dxc4 e4
34. Nd2 cxb4 35. axb4 e3 36. Nf3 Kh8 37. Re1 Rf4 38. c5 Re8 39. Qxa6 39... Qxa6
{totoff resigns} 0-1

[Event "ICS rated blitz match"]
[Site "207.99.83.227"]
[Date "1999.04.18"]
[Round "?"]
[White "blunite"]
[Black "Hossa"]
[Result "0-1"]
[WhiteElo "2237"]
[BlackElo "2544"]
[PlyCount "80"]

1. e4 e5 2. Nf3 Nc6 3. Bb5 a6 4. Ba4 Nf6 5. O-O Be7 6. Re1 b5 7. Bb3 d6 8. c3
O-O 9. h3 Bb7 10. d4 exd4 11. cxd4 d5 12. exd5 Nxd5 13. Nc3 Nxc3 14. bxc3 Re8
15. a4 Na5 16. Bc2 Nc4 17. Qd3 g6 18. Bf4 Nb2 19. Qe3 Bd6 20. Qxe8+ Qxe8 21.
Rxe8+ Rxe8 22. Bxd6 cxd6 23. axb5 Bxf3 24. gxf3 axb5 25. Rb1 Na4 26. Bxa4 bxa4
27. Ra1 Ra8 28. Kf1 d5 29. Ke2 Ra6 30. Kd3 a3 31. c4 dxc4+ 32. Kxc4 Ra4+ 33.
Kc5 Kf8 34. d5 Ke7 35. Kb5 Rd4 36. Rxa3 Rxd5+ 37. Kc4 Rd2 38. Re3+ Kf6 39. h4
Rxf2 40. Kd4 40... h5 {blunite resigns} 0-1

[Event "ICS rated blitz match"]
[Site "207.99.83.227"]
[Date "1999.04.18"]
[Round "?"]
[White "Hossa"]
[Black "blunite"]
[Result "1-0"]
[WhiteElo "2553"]
[BlackElo "2222"]
[PlyCount "25"]

1. e4 c5 2. Bc4 Nc6 3. f4 g6 4. Nf3 Bg7 5. c3 Qc7 6. O-O Nh6 7. d3 d6 8. f5 O-O
9. fxg6 hxg6 10. Bg5 Kh7 11. Qe1 Bg4 12. Qh4 Bxf3 13. Rxf3 {blunite resigns}
1-0

[Event "ICS rated blitz match"]
[Site "207.99.83.227"]
[Date "1999.04.18"]
[Round "?"]
[White "blunite"]
[Black "Hossa"]
[Result "0-1"]
[WhiteElo "2218"]
[BlackElo "2557"]
[PlyCount "20"]

1. d4 Nf6 2. c4 g6 3. Nc3 Bg7 4. e4 d6 5. h3 O-O 6. Bg5 Nc6 7. d5 Ne5 8. Bd3 c6
9. Nge2 Nfd7 10. g4 10... Nf3+ {blunite resigns} 0-1

[Event "ICS rated blitz match"]
[Site "207.99.83.227"]
[Date "1999.04.18"]
[Round "?"]
[White "Hossa"]
[Black "blunite"]
[Result "1-0"]
[WhiteElo "2567"]
[BlackElo "2236"]
[PlyCount "53"]

1. e4 c5 2. Bc4 Nc6 3. c3 Nf6 4. d3 e6 5. Nf3 d5 6. exd5 exd5 7. Bb5 Be6 8. O-O
Be7 9. Ne5 Rc8 10. Re1 O-O 11. Qe2 Nxe5 12. Qxe5 Bd6 13. Qe2 Qc7 14. h3 a6 15.
Ba4 b5 16. Bb3 c4 17. Bc2 h6 18. dxc4 dxc4 19. Qf3 Be7 20. Bf4 Qa7 21. Nd2 Rfd8
22. Rad1 Nd7 23. Ne4 Nf8 24. Nd6 Ra8 25. Qg3 Kh8 26. Bxh6 gxh6 27. Rxe6 {
blunite resigns} 1-0

[Event "ICS rated bullet match"]
[Site "207.99.83.227"]
[Date "1999.04.18"]
[Round "?"]
[White "Hossa"]
[Black "gorgon"]
[Result "1-0"]
[WhiteElo "2424"]
[BlackElo "2291"]
[PlyCount "89"]

1. e4 c5 2. Bc4 Nc6 3. Nf3 e6 4. O-O Nf6 5. e5 Ng4 6. Qe2 d6 7. Bb5 Bd7 8. exd6
Bxd6 9. Nc3 Qc7 10. h3 Nge5 11. Nxe5 Nxe5 12. d3 a6 13. Bxd7+ Nxd7 14. Bg5 O-O
15. Rae1 h6 16. Be3 Nf6 17. Qf3 Rad8 18. Bxh6 Be5 19. Bg5 b5 20. Ne4 Nxe4 21.
Bxd8 Rxd8 22. Rxe4 Bxb2 23. Rh4 g6 24. Qe3 Bg7 25. Qg5 Rd5 26. Qf4 Qd8 27. Rg4
Rf5 28. Qe4 Rd5 29. Qe1 Rd4 30. f3 Qd5 31. Qa5 Rxg4 32. fxg4 Bd4+ 33. Kh1 Qd6
34. Qd2 Kg7 35. c3 Bf6 36. Qf2 Qe7 37. d4 cxd4 38. cxd4 a5 39. Rd1 b4 40. Re1
Qd6 41. Rf1 Qe7 42. Qf4 a4 43. Rb1 Qd8 44. Rxb4 Qd6 45. Qxd6 {gorgon resigns}
1-0

[Event "ICS rated blitz match"]
[Site "207.99.83.227"]
[Date "1999.04.18"]
[Round "?"]
[White "WhiteHorse"]
[Black "Hossa"]
[Result "0-1"]
[WhiteElo "2365"]
[BlackElo "2571"]
[PlyCount "55"]

1. d4 Nf6 2. c3 d5 3. e3 e6 4. f4 Bd6 5. Bd3 O-O 6. Nf3 b6 7. O-O Ba6 8. Qe2
Bxd3 9. Qxd3 c5 10. Nbd2 Nc6 11. Ne5 Rc8 12. Kh1 Kh8 13. h3 Nh5 14. Kh2 Qh4 15.
Rf3 cxd4 16. cxd4 Nb4 17. Qf1 Nc2 18. Rb1 Ne1 19. Rf2 f6 20. Qxe1 fxe5 21. dxe5
Bxe5 22. Nf1 Bd6 23. g3 Qe7 24. Bd2 Nf6 25. g4 Ne4 26. Rg2 e5 27. f5 Ng5 28.
Qh4 {WhiteHorse resigns} 0-1

[Event "ICS rated blitz match"]
[Site "207.99.83.227"]
[Date "1999.04.18"]
[Round "?"]
[White "Hossa"]
[Black "WhiteHorse"]
[Result "1-0"]
[WhiteElo "2578"]
[BlackElo "2358"]
[PlyCount "117"]

1. e4 e5 2. Nf3 d6 3. Be2 c5 4. O-O Nc6 5. Nc3 g6 6. d3 Bg7 7. Bg5 f6 8. Be3
Nge7 9. Nd5 Be6 10. c4 O-O 11. Qd2 Re8 12. Bh6 Bh8 13. Rae1 Nd4 14. Nxd4 cxd4
15. f4 Nxd5 16. cxd5 Bf7 17. Bg4 Bg7 18. fxe5 dxe5 19. Bxg7 Kxg7 20. Qb4 Rb8
21. Qc5 h5 22. Bh3 a6 23. Rc1 g5 24. Bf5 Bg6 25. Qc7+ Re7 26. Qc2 Bxf5 27. Rxf5
Rf7 28. Rcf1 Qd7 29. Qf2 Rbf8 30. h4 Kg6 31. Qg3 g4 32. Qf2 Qb5 33. Qd2 Qb6 34.
Rc1 a5 35. Qf2 Qa6 36. Qe2 Qb6 37. Rc4 Qa6 38. Qc2 Qb6 39. Kh1 Qd8 40. Qf2 Qb6
41. Kg1 Qd8 42. Rc1 Qb6 43. Rf1 Qd6 44. Qd2 Qb6 45. Kh1 Qd8 46. Rc1 Qb6 47. a3
Rc7 48. Rxc7 Qxc7 49. a4 Rc8 50. Qf2 Rf8 51. Kh2 Qd6 52. Qc2 Rf7 53. Qc4 Rc7
54. Qb5 Qd7 55. Qb6 Qf7 56. Rxe5 Kh7 57. Rxh5+ Kg7 58. Rf5 Rc8 59. Qxd4 {
WhiteHorse resigns} 1-0

[Event "ICS rated blitz match"]
[Site "207.99.83.227"]
[Date "1999.04.18"]
[Round "?"]
[White "WhiteHorse"]
[Black "Hossa"]
[Result "0-1"]
[WhiteElo "2351"]
[BlackElo "2585"]
[PlyCount "34"]

1. d4 Nf6 2. c3 d5 3. e3 e6 4. f4 Bd6 5. Bd3 O-O 6. Nf3 b6 7. Qe2 Bb7 8. Nbd2
c5 9. Ne5 Nbd7 10. O-O Rc8 11. Rf3 Qe7 12. Rh3 Rce8 13. Bxh7+ Nxh7 14. Qh5 Ndf6
15. Qh4 Ba6 16. Ng4 Bd3 17. Ne5 17... Bf5 {WhiteHorse resigns} 0-1

[Event "ICS rated blitz match"]
[Site "207.99.83.227"]
[Date "1999.04.18"]
[Round "?"]
[White "Hossa"]
[Black "WhiteHorse"]
[Result "1-0"]
[WhiteElo "2592"]
[BlackElo "2344"]
[PlyCount "28"]

1. e4 e5 2. Nf3 d6 3. Be2 c5 4. O-O Nc6 5. Nc3 Be6 6. Bb5 Nge7 7. d3 h6 8. Be3
g6 9. Nd2 Bg7 10. f4 b6 11. f5 gxf5 12. exf5 Bxf5 13. Bxc6+ Nxc6 14. Rxf5 14...
Qd7 {WhiteHorse resigns} 1-0

[Event "ICS rated blitz match"]
[Site "207.99.83.227"]
[Date "1999.04.18"]
[Round "?"]
[White "WhiteHorse"]
[Black "Hossa"]
[Result "0-1"]
[WhiteElo "2338"]
[BlackElo "2598"]
[PlyCount "62"]

1. d4 Nf6 2. e3 e6 3. f4 c5 4. c3 cxd4 5. exd4 Be7 6. Bd3 O-O 7. Nf3 b6 8. Qe2
Bb7 9. O-O Nc6 10. Nbd2 Rc8 11. a3 Qc7 12. Ne5 Kh8 13. Ndf3 d6 14. Nxc6 Qxc6
15. Bd2 Ne4 16. Kh1 Qd5 17. Rae1 Nxd2 18. Qxd2 Qh5 19. Be4 d5 20. Bd3 Bd6 21.
Ne5 f6 22. Nf3 Rce8 23. h3 Bc6 24. Kh2 g5 25. g3 gxf4 26. gxf4 Rg8 27. Re2 Rg4
28. Ng1 Qh4 29. Ref2 Reg8 30. Qe3 Rg3 31. Qxe6 31... Rxg1 {WhiteHorse resigns}
0-1

[Event "ICS rated blitz match"]
[Site "207.99.83.227"]
[Date "1999.04.18"]
[Round "?"]
[White "WhiteHorse"]
[Black "Hossa"]
[Result "0-1"]
[WhiteElo "2358"]
[BlackElo "2578"]
[PlyCount "58"]

1. d4 Nf6 2. f4 d5 3. e3 Bf5 4. Nf3 e6 5. c3 Bd6 6. Bd3 Bxd3 7. Qxd3 O-O 8. O-O
c5 9. Ne5 Nbd7 10. Nd2 Rc8 11. Rf3 cxd4 12. exd4 Nb8 13. Rh3 Qe7 14. g4 h6 15.
Rg3 Nc6 16. Ndf3 Ne4 17. Rg2 Bxe5 18. fxe5 f6 19. exf6 Qxf6 20. Nd2 Qh4 21. Qe2
Ng5 22. Nf1 Nf3+ 23. Kh1 Qe1 24. Qxe1 Nxe1 25. Rg1 Nf3 26. Rg2 Nfxd4 27. Ng3
Nf3 28. h4 Nce5 29. g5 29... Rc4 {WhiteHorse resigns} 0-1

[Event "ICS rated blitz match"]
[Site "207.99.83.227"]
[Date "1999.04.18"]
[Round "?"]
[White "Hossa"]
[Black "WhiteHorse"]
[Result "1-0"]
[WhiteElo "2585"]
[BlackElo "2351"]
[PlyCount "46"]

1. e4 c5 2. Bc4 a6 3. Nc3 e6 4. d3 Nf6 5. Bg5 Be7 6. Nf3 h6 7. Bxf6 Bxf6 8. e5
Be7 9. d4 b5 10. Be2 cxd4 11. Qxd4 Bb7 12. Ne4 Nc6 13. Nd6+ Bxd6 14. Qxd6 Qe7
15. O-O-O Qxd6 16. Rxd6 Ke7 17. Rhd1 Rhd8 18. g4 Rac8 19. Kb1 Nb4 20. Ne1 Be4
21. R1d2 Rc6 22. R6d4 Nxc2 23. Nxc2 23... Bd5 {WhiteHorse resigns} 1-0

[Event "ICS rated blitz match"]
[Site "207.99.83.227"]
[Date "1999.04.18"]
[Round "?"]
[White "WhiteHorse"]
[Black "Hossa"]
[Result "0-1"]
[WhiteElo "2344"]
[BlackElo "2592"]
[PlyCount "31"]

1. d4 Nf6 2. e3 e6 3. f4 c5 4. Bd3 cxd4 5. exd4 Bb4+ 6. c3 Be7 7. Nf3 O-O 8.
O-O b6 9. Qe2 Bb7 10. Nbd2 Nc6 11. a3 Rc8 12. b3 Nd5 13. Ne4 f5 14. Neg5 Na5
15. Bb2 Nxf4 16. Qd1 {WhiteHorse resigns} 0-1

[Event "ICS rated blitz match"]
[Site "207.99.83.227"]
[Date "1999.04.18"]
[Round "?"]
[White "WhiteHorse"]
[Black "Hossa"]
[Result "1/2-1/2"]
[WhiteElo "2332"]
[BlackElo "2604"]
[PlyCount "122"]

1. d4 Nf6 2. e3 e6 3. f4 c5 4. c3 cxd4 5. exd4 Be7 6. Nf3 O-O 7. Bd3 Nc6 8. Qe2
d5 9. O-O Bd6 10. Ne5 Kh8 11. Nd2 Bd7 12. Rf3 Rc8 13. Rh3 a6 14. Bxh7 Be8 15.
Bd3+ Kg8 16. g4 Qe7 17. g5 Bxe5 18. fxe5 Nxd4 19. cxd4 Ne4 20. Bxe4 Qxg5+ 21.
Rg3 Qh4 22. Rg4 Qh6 23. Nb3 Rxc1+ 24. Rxc1 dxe4 25. Qxe4 Ba4 26. Qf4 Qxf4 27.
Rxf4 Bc6 28. Kf2 Rd8 29. Ke3 Rd5 30. Rcf1 Rd7 31. Nc5 Rc7 32. Ne4 Bxe4 33. Kxe4
a5 34. R1f2 b5 35. d5 exd5+ 36. Kxd5 b4 37. Kd6 Ra7 38. e6 Ra6+ 39. Kd7 fxe6
40. Re4 Kh7 41. Rxe6 Ra7+ 42. Kd6 Ra6+ 43. Ke5 Ra7 44. Rf4 Rc7 45. Re8 Rc2 46.
Kf5 Rxh2 47. Re5 Kh6 48. Rxa5 Rh5+ 49. Kg4 Rxa5 50. Rxb4 Rxa2 51. Rb6+ g6 52.
b4 Rg2+ 53. Kf3 Rg1 54. Rb8 g5 55. b5 g4+ 56. Kf2 Rb1 57. b6 Rb3 58. b7 Kh7 59.
Kg2 Kg7 60. Kf2 Kh7 61. Kg2 61... Kg7 {Game drawn by mutual agreement} 1/2-1/2

[Event "ICS rated blitz match"]
[Site "207.99.83.227"]
[Date "1999.04.18"]
[Round "?"]
[White "Hossa"]
[Black "WhiteHorse"]
[Result "1-0"]
[WhiteElo "2594"]
[BlackElo "2342"]
[PlyCount "87"]

1. e4 g6 2. Be2 Bg7 3. d3 d6 4. f4 c5 5. Nf3 Nc6 6. O-O e5 7. fxe5 dxe5 8. Be3
Nd4 9. c3 Nxf3+ 10. Bxf3 b6 11. a3 Ne7 12. b4 cxb4 13. axb4 O-O 14. Be2 Bb7 15.
Qc1 f5 16. exf5 Nxf5 17. Bg5 Qc7 18. g4 Nd6 19. Nd2 e4 20. d4 h6 21. Be3 g5 22.
Rxf8+ Bxf8 23. c4 Bg7 24. Kh1 a6 25. Qf1 Rf8 26. Qg2 b5 27. c5 Ne8 28. Bd1 Kh8
29. Qh3 Nf6 30. Bxg5 e3+ 31. Nf3 Ne4 32. Bxe3 Qe7 33. Kg1 Nc3 34. Bxh6 Kg8 35.
Ne5 Bxe5 36. dxe5 Qxe5 37. Bxf8 Qd4+ 38. Kf1 Kxf8 39. Qh6+ Kg8 40. Bb3+ Nd5 41.
Re1 Qxg4 42. Re8+ Kf7 43. Rf8+ Ke7 44. Qd6# {WhiteHorse checkmated} 1-0

[Event "ICS rated blitz match"]
[Site "207.99.83.227"]
[Date "1999.04.18"]
[Round "?"]
[White "WhiteHorse"]
[Black "Hossa"]
[Result "0-1"]
[WhiteElo "2336"]
[BlackElo "2600"]
[PlyCount "98"]

1. d4 Nf6 2. e3 e6 3. f4 c5 4. Bd3 cxd4 5. exd4 Bb4+ 6. c3 Be7 7. Qe2 O-O 8.
Nf3 d5 9. Nbd2 Bd6 10. Ne5 Nbd7 11. O-O Kh8 12. Rf3 b6 13. Rh3 Kg8 14. g4 g6
15. Ndf3 Bb7 16. Ng5 Qe7 17. Bd2 Nb8 18. Rf1 Nc6 19. Rg3 h6 20. Ngf3 Rfc8 21.
h4 Ne4 22. Rh3 Nxd2 23. Nxd2 Rf8 24. g5 h5 25. Rg3 Rac8 26. Qd1 Qe8 27. Be2 Ne7
28. Bd3 Kh8 29. Qc2 Nf5 30. Bxf5 exf5 31. Re1 Kg8 32. Rge3 Qb5 33. Ndf3 Rce8
34. a4 Qa5 35. b4 Qa6 36. Nd7 Rxe3 37. Rxe3 Rc8 38. Nf6+ Kf8 39. Ne5 Bxb4 40.
Ned7+ Kg7 41. Ne8+ Kh8 42. Qd2 Bxc3 43. Rxc3 Rxe8 44. Nf6 Re2 45. Qc1 Kg7 46.
Rc7 Qd3 47. Ne8+ Kh8 48. Rxf7 Qg3+ 49. Kh1 49... Qg2# {WhiteHorse checkmated}
0-1

[Event "ICS rated blitz match"]
[Site "207.99.83.227"]
[Date "1999.04.18"]
[Round "?"]
[White "Hossa"]
[Black "jo"]
[Result "1-0"]
[WhiteElo "2606"]
[BlackElo "2506"]
[PlyCount "41"]

1. e4 c5 2. Bc4 e6 3. Nc3 a6 4. a4 h5 5. Nf3 h4 6. d4 cxd4 7. Qxd4 Be7 8. Qxg7
Bf6 9. Qg4 Nc6 10. Bg5 b6 11. O-O Bb7 12. Rad1 Qe7 13. Rfe1 O-O-O 14. Nd5 exd5
15. exd5 Qc5 16. dxc6 Bxc6 17. Bxa6+ Bb7 18. Bxb7+ Kxb7 19. Rxd7+ Rxd7 20.
Qxd7+ Qc7 21. Qd5+ {jo resigns} 1-0

[Event "ICS rated blitz match"]
[Site "207.99.83.227"]
[Date "1999.04.18"]
[Round "?"]
[White "WhiteHorse"]
[Black "Hossa"]
[Result "0-1"]
[WhiteElo "2352"]
[BlackElo "2618"]
[PlyCount "124"]

1. d4 Nf6 2. e3 e6 3. f4 c5 4. Bd3 cxd4 5. exd4 Bb4+ 6. c3 Be7 7. Qe2 O-O 8.
Nf3 d5 9. O-O Nc6 10. Nbd2 Bd7 11. Ne5 Bd6 12. Rf3 Be8 13. Rh3 h6 14. g4 Rc8
15. Ndf3 Qc7 16. g5 hxg5 17. Nxg5 g6 18. Qf2 Ne7 19. Qh4 Nh5 20. Nxg6 fxg6 21.
Nxe6 Qd7 22. Nxf8 Kxf8 23. Rf3 Nf5 24. Bxf5 Qxf5 25. Qg5 Bd7 26. Qxf5+ Bxf5 27.
Bd2 Re8 28. Re1 Rxe1+ 29. Bxe1 Bxf4 30. Bg3 g5 31. Bxf4 gxf4 32. b3 Be4 33. Rf2
f3 34. Kf1 Nf4 35. c4 Bd3+ 36. Ke1 Be2 37. Kd2 Nh3 38. Rxe2 fxe2 39. Kxe2 Kf7
40. Kd3 Ke6 41. cxd5+ Kxd5 42. a3 Nf4+ 43. Ke3 Ne6 44. h4 Nxd4 45. h5 Ke5 46.
Kd3 Nxb3 47. Kc4 Na5+ 48. Kb5 Nc6 49. a4 Kf6 50. a5 Nxa5 51. Kxa5 Kg5 52. Kb5
a6+ 53. Kb6 Kxh5 54. Ka5 Kg6 55. Kb6 Kf5 56. Ka5 Ke6 57. Kb6 Kd6 58. Ka5 Kc5
59. Ka4 Kc4 60. Ka5 b5 61. Kb6 b4 62. Kxa6 62... Kd5 {WhiteHorse resigns} 0-1

[Event "ICS rated blitz match"]
[Site "207.99.83.227"]
[Date "1999.04.18"]
[Round "?"]
[White "Hossa"]
[Black "Grok"]
[Result "1-0"]
[WhiteElo "2624"]
[BlackElo "2371"]
[PlyCount "117"]

1. e4 e6 2. Nf3 d5 3. exd5 exd5 4. Bb5+ Bd7 5. Bxd7+ Nxd7 6. O-O Bd6 7. Nc3 Ne7
8. d3 c6 9. Bg5 O-O 10. Qe2 Re8 11. Rae1 Qb6 12. Nd1 Nc5 13. Nd4 f6 14. Be3 Qb4
15. a3 Qa4 16. Qh5 Be5 17. Nc3 Qa6 18. Kh1 Na4 19. Nd1 c5 20. Nf3 Bd6 21. Bd2
c4 22. d4 Qb5 23. Bc1 Rac8 24. c3 Qd7 25. Ne3 Bf4 26. Re2 Qb5 27. Rfe1 Rcd8 28.
Nf5 g6 29. Nh6+ Bxh6 30. Qxh6 Nf5 31. Qf4 Rxe2 32. Rxe2 Qc6 33. g4 Ng7 34. Qh6
Re8 35. Re3 Qb6 36. Rxe8+ Nxe8 37. Qe3 Qc6 38. Qe7 g5 39. Bxg5 h5 40. Bxf6 Nxf6
41. Ne5 Qe8 42. Qxf6 hxg4 43. Qg5+ Kf8 44. Qf5+ Kg7 45. Qxg4+ Kh8 46. Qh3+ Kg8
47. Qg2+ Kh8 48. Qxd5 b5 49. Qe4 Kg8 50. f4 a6 51. Qg2+ Kh8 52. f5 a5 53. f6
Qg8 54. Qh3+ Qh7 55. f7 Kg7 56. Qg4+ Qg6 57. Qxg6+ Kf8 58. Qh6+ Ke7 59. f8=Q# {
Grok checkmated} 1-0

[Event "ICS rated blitz match"]
[Site "207.99.83.227"]
[Date "1999.04.18"]
[Round "?"]
[White "Grok"]
[Black "Hossa"]
[Result "0-1"]
[WhiteElo "2365"]
[BlackElo "2630"]
[PlyCount "48"]

1. d4 Nf6 2. c4 g6 3. Nc3 Bg7 4. e4 d6 5. Nf3 Bg4 6. Be3 O-O 7. Qb3 Bxf3 8.
gxf3 b6 9. Bh3 e5 10. dxe5 dxe5 11. O-O Nc6 12. Rfd1 Nd4 13. Bxd4 exd4 14. Qa4
c5 15. Nb5 Nh5 16. Bg4 Nf4 17. b4 f5 18. Bxf5 Rxf5 19. Kh1 Qh4 20. Rg1 Rh5 21.
Rg2 Nxg2 22. Kg1 Qxh2+ 23. Kf1 d3 24. Rd1 24... Qh1# {Grok checkmated} 0-1

[Event "ICS Rated blitz match"]
[Site "207.99.83.227"]
[Date "1999.04.18"]
[Round "?"]
[White "Swingking"]
[Black "Hossa"]
[Result "1-0"]
[WhiteElo "2445"]
[BlackElo "2644"]
[Annotator "Crafty v16.6"]
[PlyCount "121"]

{annotating for player ossa  using a scoring margin of +0.10 pawns.  search
time limit is 10.00} 1. e4 1... e5 2. Nf3 Nc6 3. Bb5 a6 4. Ba4 Nf6 5. O-O b5 6.
Bb3 Bc5 7. d3 O-O 8. Be3 d6 ({9:-0.32} 8... d6 9. Qe1 Bg4 10. Nbd2 Nd4 11. Nxd4
Bxd4 12. c3 Bc5 13. Bg5 $14) ({9:+0.30} 8... Bxe3 9. fxe3 d5 10. exd5 Nxd5 11.
Bxd5 Qxd5 12. Nc3 Qc5 13. d4 exd4 14. exd4 $10) 9. Nc3 Nd4 ({9:-0.13} 9... Nd4
10. Bg5 Nxb3 11. axb3 c6 12. Na2 Bg4 13. h3 Be6 14. c4 bxc4 15. bxc4 $10) ({
9:+0.22} 9... Bxe3 10. fxe3 Na5 11. Rc1 Nxb3 12. cxb3 Bg4 13. Qd2 c5 14. Nd5
Nxd5 15. exd5 $10) 10. Bxd4 exd4 11. Ne2 Bg4 12. Ng3 Qd7 ({8:-0.09} 12... Qd7
13. h3 Bh5 14. Nxh5 Nxh5 15. Qd2 Nf6 16. Qg5 16... Rae8 $10) ({8:+0.27} 12...
a5 13. a4 bxa4 14. Bxa4 Rb8 15. Bb3 c6 16. Nf5 16... Re8 $10) 13. h3 Bxh3 14.
gxh3 Qxh3 15. Nh2 a5 16. a3 a4 17. Ba2 b4 18. axb4 Bxb4 19. Qf3 a3 20. bxa3 Bc3
21. Rab1 Rxa3 22. Bb3 Qc8 23. Nf5 Kh8 24. Kh1 Qd8 25. Rg1 Ne8 26. Qg2 Qf6 27.
Ng4 Qg6 28. Qh3 Ra5 29. Rg2 Ra1 30. Rxa1 Bxa1 31. Ngh6 Qf6 32. Ng4 Qg6 33. Ne5
dxe5 34. Rxg6 fxg6 35. Ne7 Rf6 36. Kg2 Nd6 37. Qd7 h5 38. Qxc7 Kh7 39. Ng8 Nxe4
40. Nxf6+ Nxf6 41. Qxe5 Kh6 42. Bd5 Nxd5 43. Qxd5 Bc3 44. Kh3 g5 45. Qe6+ Kh7
46. Qf5+ Kh6 47. Kg2 g4 48. Qf4+ Kg6 49. f3 gxf3+ 50. Kxf3 Kh7 51. Ke4 g6 52.
Qg5 Kg7 53. Kd5 Bb2 54. Ke6 h4 55. Qxh4 Bc3 56. Qg5 Bb2 57. Qe5+ Kg8 58. Qf6 g5
59. Qxg5+ Kh8 60. Kf7 Bc3 61. Qg7# 1-0

[Event "ICS rated blitz match"]
[Site "207.99.83.227"]
[Date "1999.04.18"]
[Round "?"]
[White "Grok"]
[Black "Hossa"]
[Result "0-1"]
[WhiteElo "2361"]
[BlackElo "2620"]
[PlyCount "106"]

1. d4 Nf6 2. c4 g6 3. Nc3 Bg7 4. e4 d6 5. f3 O-O 6. Be3 e5 7. d5 Na6 8. Bd3 Nb4
9. Nge2 Nxd3+ 10. Qxd3 Qe7 11. O-O c6 12. f4 Ng4 13. Bd2 Qd8 14. Kh1 Qh4 15.
Qg3 Qxg3 16. Nxg3 Bd7 17. Rad1 c5 18. Nge2 exf4 19. Bxf4 Ne5 20. b3 Rae8 21.
Rc1 Kh8 22. Ng3 a6 23. Rc2 b5 24. cxb5 axb5 25. b4 c4 26. Kg1 Ra8 27. Kh1 Kg8
28. Kg1 Ra6 29. Bxe5 Bxe5 30. Nge2 f6 31. Rf3 Bg4 32. Rf2 Bxe2 33. Rfxe2 Rb8
34. Nxb5 Rxb5 35. Rxc4 Ra4 36. Rc8+ Kg7 37. Rc7+ Kh6 38. Rc4 Rbxb4 39. Rxb4
Rxb4 40. g3 Rb2 41. Rxb2 Bxb2 42. a4 Kg5 43. Kf2 Bd4+ 44. Kf3 f5 45. a5 Kf6 46.
exf5 Kxf5 47. g4+ Ke5 48. h3 g5 49. Ke2 Kxd5 50. Kd3 Ba7 51. a6 Bc5 52. a7 Bxa7
53. Kc3 53... Ke5 {Grok resigns} 0-1

[Event "ICS rated blitz match"]
[Site "207.99.83.227"]
[Date "1999.04.18"]
[Round "?"]
[White "Hossa"]
[Black "Happychess"]
[Result "1/2-1/2"]
[WhiteElo "2626"]
[BlackElo "2617"]
[PlyCount "119"]

1. e4 c5 2. Bc4 e6 3. Nc3 Nf6 4. Nf3 d5 5. exd5 exd5 6. Bb5+ Bd7 7. Bxd7+ Nbxd7
8. d4 cxd4 9. Nxd4 Bb4 10. Qe2+ Kf8 11. O-O Bxc3 12. bxc3 Qa5 13. Re1 Re8 14.
Be3 Qxc3 15. Nb5 Qb4 16. Nxa7 d4 17. Qd2 Qxd2 18. Bxd2 Nc5 19. Bb4 b6 20. Rad1
Rxe1+ 21. Bxe1 Ke7 22. Nc6+ Kd6 23. Nxd4 Ra8 24. a3 Ke5 25. Bb4 Re8 26. Nb5 Re6
27. Bxc5 bxc5 28. Re1+ Kf5 29. Rxe6 Kxe6 30. a4 Nd5 31. c3 Kd7 32. a5 Kc6 33.
c4 Nf4 34. Nc3 Kb7 35. Ne4 Nd3 36. Nd6+ Ka6 37. Nxf7 Kxa5 38. Nd8 h6 39. h4 Kb4
40. Ne6 g6 41. Nf8 g5 42. hxg5 hxg5 43. f3 Kxc4 44. Nh7 Kd5 45. Nxg5 Ke5 46. g3
Kd4 47. f4 c4 48. Kf1 Ke3 49. Nh3 c3 50. Ng1 c2 51. Ne2 Nf2 52. Ke1 Ne4 53. g4
Nf2 54. f5 Nxg4 55. Nc1 Ne5 56. Kf1 Kf4 57. Ke1 Nd3+ 58. Nxd3+ Kxf5 59. Kf1
c1=Q+ 60. Nxc1 {Game drawn because neither player has mating material} 1/2-1/2